<?xml version="1.0" encoding="UTF-8"?><?xml-stylesheet type="text/xsl" href="static/style.xsl"?><OAI-PMH xmlns="http://www.openarchives.org/OAI/2.0/" xmlns:xsi="http://www.w3.org/2001/XMLSchema-instance" xsi:schemaLocation="http://www.openarchives.org/OAI/2.0/ http://www.openarchives.org/OAI/2.0/OAI-PMH.xsd"><responseDate>2026-06-02T01:34:25Z</responseDate><request verb="GetRecord" identifier="oai:riuma.uma.es:10630/40437" metadataPrefix="marc">https://riuma.uma.es/rest/oai/request</request><GetRecord><record><header><identifier>oai:riuma.uma.es:10630/40437</identifier><datestamp>2026-02-03T10:56:09Z</datestamp><setSpec>com_10630_2254</setSpec><setSpec>col_10630_37953</setSpec></header><metadata><record xmlns="http://www.loc.gov/MARC21/slim" xmlns:dcterms="http://purl.org/dc/terms/" xmlns:doc="http://www.lyncode.com/xoai" xmlns:xsi="http://www.w3.org/2001/XMLSchema-instance" xsi:schemaLocation="http://www.loc.gov/MARC21/slim http://www.loc.gov/standards/marcxml/schema/MARC21slim.xsd">
   <leader>00925njm 22002777a 4500</leader>
   <datafield ind2=" " ind1=" " tag="042">
      <subfield code="a">dc</subfield>
   </datafield>
   <datafield ind2=" " ind1=" " tag="720">
      <subfield code="a">Cremades-García, Raúl</subfield>
      <subfield code="e">author</subfield>
   </datafield>
   <datafield ind2=" " ind1=" " tag="260">
      <subfield code="c">2011</subfield>
   </datafield>
   <datafield ind2=" " ind1=" " tag="520">
      <subfield code="a">La lectura en voz alta es una de las actividades pedagógicas en la que pueden participar los menores hospitalizados para paliar los efectos de su falta de escolarización durante su convalecencia. El objeto de este trabajo es analizar los datos de una experiencia de desarrollo de sesiones de lectura en voz alta llevada a cabo con niños y niñas de Educación Primaria durante su estancia en el Hospital Materno Infantil de Málaga. También se ofrecen conclusiones y reflexiones útiles para llevar a cabo esta actividad y adaptar su metodología a la realidad concreta de cada paciente y de cada hospital.</subfield>
   </datafield>
   <datafield ind1="8" ind2=" " tag="024">
      <subfield code="a">Cremades, R. (2011). Lectura en voz alta con escolares de educación primaria ingresados en el Hospital Materno Infantil de Málaga. Lenguaje y Textos, 33, 93-99.</subfield>
   </datafield>
   <datafield ind1="8" ind2=" " tag="024">
      <subfield code="a">https://www.sidll.org/sites/default/files/journal/lectura_en_voz_alta_con_escolares_de_educacion_primaria_ingresados.cremades_r.pdf</subfield>
   </datafield>
   <datafield ind1="8" ind2=" " tag="024">
      <subfield code="a">https://hdl.handle.net/10630/40437</subfield>
   </datafield>
   <datafield tag="653" ind2=" " ind1=" ">
      <subfield code="a">Lectura</subfield>
   </datafield>
   <datafield tag="653" ind2=" " ind1=" ">
      <subfield code="a">Niños hospitalizados - Educación</subfield>
   </datafield>
   <datafield ind2="0" ind1="0" tag="245">
      <subfield code="a">Lectura en voz alta con escolares de educación primaria ingresados en el Hospital Materno Infantil de Málaga.</subfield>
   </datafield>
</record>
</metadata></record></GetRecord></OAI-PMH>